Missing Word: Florida A-Z Quiz Stats

 Plays Quiz Updated Aug 19, 2019

Score 0/23 Timer 04:00
0 Plays Today
Hint Answer % Correct
Body of water bordering Florida's west coast, _____ of MexicoGulf
96%
Popular tourist location, _____ LauderdaleFort
95.9%
The American _____ is Florida's state reptileAlligator
94.3%
_____ Canaveral Air Force StationCape
93.5%
_____ are a citrus fruit that Florida produces more of than any other stateOranges
92.5%
NBA team, Miami _____Heat
90.4%
_____ Studios Florida theme parkUniversal
87.8%
NFL team, Jacksonville _____Jaguars
87.8%
Archipelago located in the southern part of the state, Florida _____Keys
87.1%
_____ Disney World ResortWalt
86.6%
_____ National ParkEverglades
79.9%
The fifth largest city in Florida, St. _____Petersburg
79.5%
Hint Answer % Correct
Forced relocation of Native Americans, Trail of _____Tears
75.5%
The state marine mammal is the _____Manatee
73.5%
MLB team, Tampa Bay _____Rays
72.7%
NHL team, Tampa Bay _____Lightning
61.6%
Big Cypress _____ PreserveNational
48.8%
The setting of Grand Theft Auto: _____ City was based on MiamiVice
46.4%
Florida State University _____ athleticsSeminoles
46.2%
_____ Bay borders the city of MiamiBiscayne
46%
Florida's state butterfly, _____ longwingZebra
39.2%
_____ Tortugas National ParkDry
29.3%
Gulf _____ National SeashoreIslands
22.5%

Today's Daily Dose

Word Ladder
Lean on Me

Get the Picture
Superhero by Villain

You're not logged in!

Compare scores with friends on all Sporcle quizzes.
OR
Log In

Sporcle TV

Today on Sporcle TV


Watch our educational content, quiz creation guides, and fun videos on Sporcle TV.

Show Comments

Extras

Top Quizzes Today


Score Distribution

Your Account Isn't Verified!

In order to create a playlist on Sporcle, you need to verify the email address you used during registration. Go to your Sporcle Settings to finish the process.

Report this User

Report this user for behavior that violates our Community Guidelines.

Details: